00646nam a22001697a 4500003000900000008004100009040007100050082001800121100001700139245002400156260004100180300002800221505017100249650001500420650001200435650002900447AR-CdUCM190223b ||||| |||| 00| 0 spa d aMUNICIPALIDAD PROVINCIAL DEL CUSCOcBIBLIOTECA MUNICIPAL DEL CUSCO a828.87 /bW56 aWilde, Oscar aNovelas completas / aMéxico :bEdinal impresora,c1973. a704 páginas ;c17 cm. aContenido: El retrato de Dorian Gray -- El crimen de lord Arturo Saville -- El fantasma de Canterville -- El cumpleaños de la infanta -- El ruiseñor y la rosa ... aLiteratura aNovelas aNarración detectivesca